Statistiques concernant Les 20 principaux entreprises dans la SMI

Cliquez ici pour prendre le quiz!

Statistiques générales

  • Ce quiz a été pris 5 fois
  • Le résultat moyen est 1 sur 20

Statistiques - réponses

Poids en pourcentages sur la bourseBrancheRéponse% Correct
23,34 %Industrie AgroalimentaireNestlé
100%
4,46 %BanqueUBS
33%
5,01 %IndustrieABB
0%
2,73 %PharmacieAlcon
0%
1,22 %IndustrieGeberit
0%
2,10 %ChimieGivaudan
0%
14,80 %PharmacieHoffmann-La Roche
0%
2,81 %IndustrieHolcim
0%
2,43 %LogistiqueKuehne + Nagel
0%
0,62 %InformatiqueLogitech
0%
3,09 %ChimieLonza
0%
15,60 %PharmacieNovartis
0%
1,69 %Gestion d'actifsPartners Group
0%
5,78 %LuxeRichemont
0%
2,90 %ChimieSika
0%
1,14 %Technologie médicaleSonova
0%
2,21 %TélécomunicationsSwisscom
0%
1,26 %AssuranceSwiss Life Holding
0%
1,95 %AssuranceSwiss Re
0%
4,84 %AssuranceZurich Insurance Group
0%

Distribution des résultats

Percentile par nombre de réponses

% des personnes avec chaque résultat

Votre développement - résultats

Vous n’avez pas pris ce quiz